[Event "FIDE World Blitz 2013"]
[Site "Khanty-Mansiysk RUS"]
[Date "2013.06.09"]
[Round "16.6"]
[White "Inarkiev,E"]
[Black "Jakovenko,D"]
[Result "1-0"]
[WhiteElo "2680"]
[BlackElo "2713"]

1.e4 e5 2.Nf3 Nc6 3.Bb5 Nf6 4.d3 Bc5 5.Bxc6 dxc6 6.O-O Bg4 7.h3 Bxf3 8.Qxf3 Nd7
9.Nd2 Qe7 10.a4 Nf8 11.Nc4 f6 12.Bd2 Ne6 13.Rab1 O-O 14.b4 Bd6 15.b5 c5 16.Be3 Qd7
17.g3 b6 18.Kg2 a6 19.Qd1 axb5 20.axb5 Kh8 21.Qd2 Kg8 22.Qc3 Ra7 23.Qb3 Kh8
24.Ra1 Rfa8 25.Rxa7 Rxa7 26.h4 Ra8 27.Rh1 g6 28.Qb2 Kg7 29.Qb3 h5 30.Qb2 Kf7
31.Rb1 Qe7 32.Ra1 Qe8 33.Rxa8 Qxa8 34.Qb3 Ke7 35.Na3 f5 36.f3 fxe4 37.fxe4 Qf8
38.Nc4 Qa8 39.Qb1 Qa4 40.Bg5+ Kd7 41.Qf1 Qxc2+ 42.Kh3 Kc8 43.Qf7 Nd4 44.Nxd6+ cxd6
45.Qe8+ Kb7 46.Qd7+ Ka8 47.Qc8+ Ka7 48.Qa6+ Kb8 49.Qxb6+ Ka8 50.Qa6+ Kb8
51.Qxd6+ Kb7 52.Qa6+ Kc7 53.b6+ Kd7 54.Qa7+ Kc6 55.Qc7+ Kb5 56.b7 Nc6 57.b8=Q+ Nxb8
58.Qxb8+ Ka4 59.Qxe5 Qxd3 60.Qxc5 Qf1+ 61.Kh2 Qe2+ 62.Kg1 Qe1+ 63.Kg2 Qxe4+
64.Kf1 Qh1+ 65.Kf2 Qh2+ 66.Kf3 Qh1+ 67.Kf4 Qf1+ 68.Ke4 Qg2+ 69.Ke5 Qxg3+
70.Kf6 Qd3 71.Qe5 Qa6+ 72.Kg7 Kb3 73.Qf6 Qb7+ 74.Kxg6  1-0

[Event "FIDE World Blitz 2013"]
[Site "Khanty-Mansiysk RUS"]
[Date "2013.06.10"]
[Round "17.9"]
[White "Grachev,B"]
[Black "Jakovenko,D"]
[Result "1/2-1/2"]
[WhiteElo "2683"]
[BlackElo "2713"]

1.Nf3 Nf6 2.c4 e6 3.g3 d5 4.Bg2 Be7 5.O-O O-O 6.d4 dxc4 7.Qc2 a6 8.a4 Bd7
9.Qxc4 Bc6 10.Bg5 Bd5 11.Qd3 c5 12.Nc3 Bc6 13.Rfd1 Qa5 14.Ne5 Bxg2 15.Kxg2 cxd4
16.Qxd4 h6 17.Bf4 Nc6 18.Nxc6 bxc6 19.Qc4 c5 20.Bd6  1/2-1/2

[Event "FIDE World Blitz 2013"]
[Site "Khanty-Mansiysk RUS"]
[Date "2013.06.10"]
[Round "19.8"]
[White "Jakovenko,D"]
[Black "Ponkratov,P"]
[Result "0-1"]
[WhiteElo "2713"]
[BlackElo "2605"]

1.Nf3 d5 2.d4 Nf6 3.c4 c6 4.Nc3 dxc4 5.a4 Bg4 6.Ne5 Bh5 7.g3 Na6 8.Bg2 Nb4
9.O-O a5 10.Nxc4 e6 11.b3 Be7 12.Bb2 O-O 13.Qd2 Qc7 14.Ne4 Rfd8 15.Nxf6+ Bxf6
16.Rac1 e5 17.e3 exd4 18.exd4 Bg6 19.Bc3 Rd7 20.Nxa5 Nd5 21.Nc4 Nxc3 22.Qxc3 Bxd4
23.Qf3 Re8 24.Rfe1 Rde7 25.Rxe7 Qxe7 26.Rd1 Qc5 27.Qf4 Bf6 28.Ne3 Bg5 29.Qf3 h6
30.Re1 Qc3 31.Re2 Bd3 32.Nd1 Qe1+ 33.Rxe1 Rxe1+ 34.Bf1 Bxf1 35.Qc3 Rxd1 36.h4  0-1

[Event "FIDE World Blitz 2013"]
[Site "Khanty-Mansiysk RUS"]
[Date "2013.06.10"]
[Round "20.8"]
[White "Ponkratov,P"]
[Black "Jakovenko,D"]
[Result "1/2-1/2"]
[WhiteElo "2605"]
[BlackElo "2713"]

1.e4 c5 2.Nf3 e6 3.d4 cxd4 4.Nxd4 a6 5.Nc3 d6 6.Be2 b5 7.O-O Bb7 8.Bf3 Nd7
9.g3 Ngf6 10.a3 Qc7 11.Bg2 Be7 12.Kh1 O-O 13.f4 Rfe8 14.g4 Nc5 15.g5 Nfxe4
16.Nxe4 Bxe4 17.Nf3 Qb7 18.Be3 Rac8 19.c3 Bf8 20.Qe1 Na4 21.Qf2 a5 22.Rfd1 Nc5
23.Nd4 b4 24.cxb4 axb4 25.a4 e5 26.fxe5 Rxe5 27.Bf4 Ree8 28.a5 Bxg2+ 29.Qxg2 Ne4
30.Be3 Qa6 31.Nf5 Kh8 32.Bd4 d5 33.Nh6 Qg6 34.a6 Bc5 35.Bxc5 Nxc5 36.Ng4 Nxa6
37.Qxd5 Rc5 38.Ne5 Qe6 39.Nxf7+ Kg8 40.Qxe6 Rxe6 41.Nd8 Rb6 42.Re1 Nc7 43.Ra7 Rb8
44.Nb7 Rxg5 45.Nd6 Nd5 46.Ra5 h6 47.Rd1 Nf4 48.Rxg5 hxg5 49.Ne4 Rb5 50.Rg1 Re5
51.Nxg5 Re2 52.Rd1 g6 53.b3 Re5 54.Nf3 Re3 55.Nd4 Kg7 56.Kg1 Rd3 57.Rxd3 Nxd3
58.Kf1 Kf6 59.Ke2 Nc5 60.Nc6  1/2-1/2

[Event "FIDE World Blitz 2013"]
[Site "Khanty-Mansiysk RUS"]
[Date "2013.06.10"]
[Round "21.15"]
[White "Artemiev,V"]
[Black "Jakovenko,D"]
[Result "1-0"]
[WhiteElo "2524"]
[BlackElo "2713"]

1.b3 c5 2.Bb2 Nc6 3.e3 Nf6 4.Nf3 e6 5.Bb5 Be7 6.O-O O-O 7.Bxc6 bxc6 8.d3 d6
9.Nbd2 e5 10.Re1 Bg4 11.h3 Bh5 12.e4 Nd7 13.Nf1 Bg6 14.Ng3 f5 15.Nxf5 Bxf5
16.exf5 Rxf5 17.c3 d5 18.c4 Bd6 19.cxd5 cxd5 20.b4 Qf6 21.bxc5 Bxc5 22.d4 e4
23.dxc5 Qxb2 24.Re2 Qf6 25.Nd4 Rg5 26.Rc1 Ne5 27.Kh1 Nd3 28.f4 Rg3 29.Nb3 Nxc1
30.Qxd5+ Kf8 31.Qxa8+ Kf7 32.Qd5+ Kf8 33.Nxc1 Qxf4 34.Qd6+ Qxd6 35.cxd6 e3
36.Nd3 Ke8 37.Ne5 Kd8 38.Kh2 Rg5 39.Nf7+  1-0

[Event "FIDE World Blitz 2013"]
[Site "Khanty-Mansiysk RUS"]
[Date "2013.06.10"]
[Round "23.13"]
[White "Jakovenko,D"]
[Black "Vallejo Pons,F"]
[Result "0-1"]
[WhiteElo "2713"]
[BlackElo "2706"]

1.Nf3 Nf6 2.c4 e6 3.Nc3 b6 4.e4 Bb7 5.Qc2 c5 6.d4 cxd4 7.Nxd4 Bb4 8.f3 O-O
9.Bg5 Qc7 10.a3 Be7 11.Rd1 a6 12.Be2 d6 13.O-O Nbd7 14.Be3 Rac8 15.Rc1 Rfe8
16.Kh1 Qb8 17.Bg1 Nh5 18.Rfd1 Bg5 19.Rb1 Ne5 20.Qb3 Bd8 21.Rbc1 Nf4 22.Bf1 h5
23.Nde2 Nfd3 24.Rc2 Nc5 25.Qa2 h4 26.h3 Bc7 27.b4 Ncd7 28.Nd4 Nf6 29.Bf2 Ng6
30.Rdc1 Nh5 31.Nce2 Bd8 32.c5 dxc5 33.bxc5 bxc5 34.Rxc5 Rxc5 35.Rxc5 Ng3+
36.Nxg3 hxg3 37.Bg1 Bb6 38.Rc4 Rd8 39.Qb2 Qd6 40.Nf5 exf5 41.Qxb6 Qxb6 42.Bxb6 Rd1
43.Kg1 fxe4 44.Rc7 Nf4 45.Rc2 exf3 46.gxf3 Bxf3  0-1

[Event "FIDE World Blitz 2013"]
[Site "Khanty-Mansiysk RUS"]
[Date "2013.06.10"]
[Round "24.13"]
[White "Vallejo Pons,F"]
[Black "Jakovenko,D"]
[Result "1-0"]
[WhiteElo "2706"]
[BlackElo "2713"]

1.e4 e5 2.Nf3 Nc6 3.d4 exd4 4.Nxd4 Nf6 5.Nxc6 bxc6 6.Qe2 Be7 7.e5 Nd5 8.Qg4 g6
9.c4 Nb6 10.Bh6 d5 11.Qf3 Bg5 12.Bg7 Rg8 13.Bf6 Bxf6 14.exf6 Be6 15.Nc3 Qd6
16.Be2 O-O-O 17.O-O Kb8 18.cxd5 cxd5 19.Nb5 Qc5 20.Rfc1 Nc4 21.b3 Qxb5 22.bxc4 Qa5
23.Rab1+ Kc8 24.Rb5 Qxa2 25.cxd5 Rxd5 26.Qc3 Rd7 27.Rc5  1-0

[Event "FIDE World Blitz 2013"]
[Site "Khanty-Mansiysk RUS"]
[Date "2013.06.10"]
[Round "25.20"]
[White "Georgiev,Ki"]
[Black "Jakovenko,D"]
[Result "0-1"]
[WhiteElo "2636"]
[BlackElo "2713"]

1.d4 Nf6 2.Nf3 e6 3.c4 d5 4.g3 dxc4 5.Bg2 a6 6.Ne5 c5 7.Na3 cxd4 8.Naxc4 Ra7
9.Bd2 b6 10.Qb3 Bb7 11.Bxb7 Rxb7 12.Na5 Rc7 13.Qxb6 Bc5 14.Qb3 O-O 15.O-O Qe7
16.Rac1 Nd5 17.Nd3 Bb6 18.Rxc7 Bxc7 19.Rc1 Rd8 20.Nb7 Re8 21.Nbc5 h6 22.Qc4 Nc6
23.Nxa6 Ne5 24.Qxd4 Nxd3 25.Qxd3 Be5 26.b4 Rd8 27.Qc4 Qf6 28.Nc5 Nb6 29.Qc2 Nd5
30.a4 h5 31.Qe4 Bb2 32.Rc2 Ba3 33.Nd3 Qa1+ 34.Kg2 Qb1 35.Qc4 h4 36.gxh4 Qd1
37.Nf4 Nb6 38.Qc3 Nxa4 39.Qc4 Nb6 40.Qc7 Rc8 41.Qxc8+ Nxc8 42.Rxc8+ Kh7 43.Be3 Bxb4
44.Rc4 Ba3 45.Re4 Qd7 46.Nd3 Qd5 47.f3 Bd6 48.Bf4 Be7 49.Bg3 Qa2 50.Kf2 Bd8
51.Re5 Bb6+ 52.Kg2 Qa1 53.Rh5+ Kg8 54.Rb5 Qg1+ 55.Kh3 Qf1+ 56.Kg4 Be3 57.Nf4 Bxf4
58.Bxf4 Qxe2 59.Rb8+ Kh7 60.Kg3 Qe1+ 61.Kh3 Qf1+ 62.Kg3 Qg1+ 63.Kh3 Qf2 64.Rb3 f6
65.Bb8 e5 66.Bc7 Qc2 67.Rb7 Qc6 68.Rb3 Qxc7  0-1

[Event "FIDE World Blitz 2013"]
[Site "Khanty-Mansiysk RUS"]
[Date "2013.06.10"]
[Round "26.20"]
[White "Jakovenko,D"]
[Black "Georgiev,Ki"]
[Result "0-1"]
[WhiteElo "2713"]
[BlackElo "2636"]

1.Nf3 Nf6 2.g3 b5 3.Bg2 Bb7 4.O-O e6 5.d4 Be7 6.a4 b4 7.c4 bxc3 8.bxc3 O-O
9.Nbd2 Na6 10.Ba3 c5 11.e3 Rc8 12.Qe2 cxd4 13.cxd4 Bxa3 14.Rxa3 Nb4 15.Qb5 Bxf3
16.Bxf3 a5 17.Nc4 d5 18.Nxa5 Rb8 19.Nc6 Rxb5 20.Nxd8 Rb8 21.Nxe6 fxe6 22.a5 Ra8
23.Rb1 Rfb8 24.Be2 Ne4 25.a6 Nc6 26.Rc1 Rb6 27.Bd3 Kf7 28.Ra2 Kf6 29.Ra3 Ra7
30.f3 Nd6 31.Bf1 g5 32.Rc5 h5 33.h4 gxh4 34.gxh4 Nf5 35.Rb5 Rbxa6 36.Rxa6 Rxa6
37.Rb3 Ra2 38.Rc3 Nce7 39.Bh3 Nxh4 40.e4 Nhg6 41.e5+ Kf7 42.Bf1 Nf4 43.Rb3 Nf5
44.Rb7+ Kg6 45.Rb4 Ne3 46.Bb5 Rg2+ 47.Kh1 Nh3 48.Bd3+ Kg5 49.f4+ Kxf4  0-1

[Event "FIDE World Blitz 2013"]
[Site "Khanty-Mansiysk RUS"]
[Date "2013.06.10"]
[Round "27.18"]
[White "Jakovenko,D"]
[Black "Cheparinov,I"]
[Result "0-1"]
[WhiteElo "2713"]
[BlackElo "2678"]

1.Nf3 Nf6 2.g3 g6 3.Bg2 Bg7 4.O-O O-O 5.c4 d5 6.cxd5 Nxd5 7.Nc3 Nc6 8.d4 Nb6
9.e3 Re8 10.a3 a5 11.d5 Bxc3 12.bxc3 Qxd5 13.Nd4 Qc4 14.Nxc6 bxc6 15.e4 Be6
16.Bf4 Rad8 17.Qc1 Rd7 18.h4 h5 19.Be5 f6 20.Qh6 Bf7 21.Bd4 c5 22.Be3 Na4
23.e5 Nxc3 24.Kh2 Rd3 25.Rac1 fxe5 26.Qg5 e4 27.Qe5 Qd5 28.Qxc7 c4 29.Rfe1 Nb5
30.Qxa5 Nxa3 31.Qb6 Rb3 32.Qc7 Nb5 33.Qf4 Nd6 34.Bf1 Rc8 35.Red1 Qf5 36.Qh6 Qe6
37.Bh3 Nf5 38.Qf4 Rd3 39.Re1 c3 40.Ba7 Rc4 41.Rb1 c2 42.Rb8+ Kh7 43.Be3 Rxe3
44.Rxe3 c1=Q 45.Qg5  0-1

[Event "FIDE World Blitz 2013"]
[Site "Khanty-Mansiysk RUS"]
[Date "2013.06.10"]
[Round "28.18"]
[White "Cheparinov,I"]
[Black "Jakovenko,D"]
[Result "0-1"]
[WhiteElo "2678"]
[BlackElo "2713"]

1.d4 d5 2.c4 c6 3.Nf3 Nf6 4.e3 a6 5.Nc3 e6 6.b3 Bb4 7.Bd2 Nbd7 8.Bd3 O-O
9.O-O Qe7 10.Qc2 e5 11.dxe5 Nxe5 12.Nxe5 Qxe5 13.cxd5 cxd5 14.Ne2 Bd6 15.Ng3 Qg5
16.f4 Qh4 17.Rf3 g6 18.Bc3 Bg4 19.Qb2 Nd7 20.Rff1 Rfe8 21.Rae1 Nc5 22.Bb1 Rac8
23.Bf6 Qh6 24.h3 Bd7 25.Rf3 Ne4 26.Nxe4 dxe4 27.Rf2 Qf8 28.Rd1 Ba3 29.Qe2 Bb5
30.Qg4 Bc5 31.Qg3 Rc6 32.Bb2 Bd3 33.Bxd3 exd3 34.Rxd3 Rce6 35.Rf3 Qe7 36.Be5 f6
37.Bd4 Bxd4 38.exd4 Re2 39.f5 g5 40.d5 Qc5+ 41.Kh2 Re1 42.Qf2 Qd6+ 43.Qg3 Qc5
44.Qf2 Qd6+ 45.Qg3 R8e5 46.h4 Qc5 47.Qf2 Qc1 48.d6 Rh1+ 49.Kg3 gxh4+  0-1

[Event "FIDE World Blitz 2013"]
[Site "Khanty-Mansiysk RUS"]
[Date "2013.06.10"]
[Round "29.19"]
[White "Nadanian,A"]
[Black "Jakovenko,D"]
[Result "0-1"]
[WhiteElo "2428"]
[BlackElo "2713"]

1.e4 c5 2.d3 Nc6 3.g3 d5 4.exd5 Qxd5 5.Nf3 Nf6 6.Bg2 Qe6+ 7.Be3 Nd5 8.Qd2 g6
9.Nc3 Nxe3 10.fxe3 Bg7 11.O-O O-O 12.Rae1 Qd7 13.b3 b6 14.Ne2 Bb7 15.e4 Rad8
16.Qf4 e6 17.h4 h6 18.Kh2 Qe7 19.Bh3 b5 20.h5 g5 21.Qc1 c4 22.bxc4 bxc4 23.Qe3 Nb4
24.Ned4 cxd3 25.cxd3 Qc5 26.Nxe6 Qxe3 27.Rxe3 fxe6 28.Rb1 a5 29.a3 Nc2 30.Bxe6+ Kh8
31.Re2 Ba6 32.Bd5 Bxd3  0-1

[Event "FIDE World Blitz 2013"]
[Site "Khanty-Mansiysk RUS"]
[Date "2013.06.10"]
[Round "30.19"]
[White "Jakovenko,D"]
[Black "Nadanian,A"]
[Result "1-0"]
[WhiteElo "2713"]
[BlackElo "2428"]

1.d4 d5 2.c4 e6 3.Nf3 c5 4.cxd5 exd5 5.g3 Nc6 6.Bg2 Nf6 7.O-O Be7 8.dxc5 Bxc5
9.a3 O-O 10.b4 Bb6 11.Nc3 Re8 12.Bb2 Bf5 13.Na4 Be4 14.Nxb6 axb6 15.Qd2 Rc8
16.Rac1 h6 17.Rfd1 Qe7 18.Bf1 Rcd8 19.Bd4 Nd7 20.Qb2 f6 21.Nd2 Bg6 22.Bg2 Bf7
23.e3 Nce5 24.Rc7 Qd6 25.Rxb7 Bh5 26.Ra1 Qc6 27.Ra7 Nd3 28.Qc3 Qxc3 29.Bxd5+ Kh8
30.Bxc3 N7e5 31.Bg2 Ng4 32.Ne4 Bg6 33.h3 Nxe3 34.fxe3 Bxe4 35.Bd4 b5 36.Rd1 Bxg2
37.Kxg2 Nb2 38.Rc1 Nc4 39.Rc3 Ra8 40.a4 Rxa7 41.Bxa7 Ra8 42.axb5 Rxa7 43.Rxc4 Rb7
44.Rc5 Kg8 45.Kf3 Kf7 46.Ke4 Ke6 47.Kd4 h5 48.Rc6+ Kd7 49.Kc5 g5 50.b6 h4
51.gxh4 gxh4 52.Rc7+  1-0

[Event "66th ch-RUS HL"]
[Site "Yekaterinburg RUS"]
[Date "2013.06.20"]
[Round "1.4"]
[White "Jakovenko,D"]
[Black "Artemiev,V"]
[Result "1-0"]
[WhiteElo "2713"]
[BlackElo "2524"]

1.e4 c5 2.Nf3 d6 3.d4 cxd4 4.Nxd4 Nf6 5.Nc3 a6 6.Be3 e6 7.f3 b5 8.Qd2 Nbd7
9.g4 h6 10.O-O-O b4 11.Nce2 Qc7 12.h4 d5 13.Bf4 e5 14.Bh2 dxe4 15.g5 hxg5
16.hxg5 Rxh2 17.Rxh2 exd4 18.Rh4 Ng4 19.Rxg4 Nc5 20.Rh4 d3 21.Nd4 Bb7 22.Rh8 O-O-O
23.Kb1 dxc2+ 24.Qxc2 exf3 25.Qd2 Be4+ 26.Ka1 Kb7 27.Bc4 b3 28.Rc1 Qd6 29.Nxf3 Qc7
30.Qe3 g6 31.Nd2 Qe5 32.Nxe4 Nxe4 33.Qxb3+ Ka7 34.Rxf8 Rxf8 35.Qe3+ Kb7 36.Bd3 Re8
37.Re1 Nc5 38.Qf3+  1-0

[Event "66th ch-RUS HL"]
[Site "Yekaterinburg RUS"]
[Date "2013.06.22"]
[Round "3.5"]
[White "Jakovenko,D"]
[Black "Kokarev,Dm"]
[Result "1-0"]
[WhiteElo "2713"]
[BlackElo "2639"]

1.d4 g6 2.c4 Bg7 3.e4 c5 4.Nf3 Qa5+ 5.Nc3 Nf6 6.Bd3 cxd4 7.Nxd4 Nc6 8.Ne2 O-O
9.O-O Ng4 10.Nf4 Nge5 11.Be2 Nd4 12.Bd2 Qd8 13.Be3 Nec6 14.Bd3 d6 15.Rc1 Bd7
16.Qd2 Qa5 17.Rfd1 Rfc8 18.Bf1 Bg4 19.Re1 Rab8 20.Nfd5 e5 21.b4 Qd8 22.Bg5 f6
23.Be3 Be6 24.b5 Na5 25.Bxd4 exd4 26.Qxd4 b6 27.Nb4 Rb7 28.Ncd5 Qf8 29.f4 Kh8
30.Qd2 f5 31.exf5 Qxf5 32.Bd3 Qf7 33.Kh1 Rd7 34.Qe2 Bxd5 35.Nxd5 Nb7 36.Qg4 Nc5
37.Bc2 Re8 38.Re2 Rxe2 39.Qxe2 Rd8 40.Re1 Rf8 41.Qe7 Bd4 42.Qxd6 Re8 43.Rxe8+ Qxe8
44.Qe7 Qxe7 45.Nxe7 a5 46.bxa6 Nxa6 47.Nd5 Bc5 48.g4 Nb4 49.Nxb4 Bxb4 50.Kg2 Kg7
51.Kf3 Kf6 52.Ke4 Ke6 53.g5 Bd6 54.Bb3 Ke7 55.a4 Kf8 56.h4 Kg7 57.Kd5 Bxf4
58.c5 bxc5 59.a5 c4 60.Bxc4 Kf8 61.a6 Be3 62.Kc6 Bf2 63.Kb7 Ke7  1-0

[Event "66th ch-RUS HL"]
[Site "Yekaterinburg RUS"]
[Date "2013.06.23"]
[Round "4.2"]
[White "Jakovenko,D"]
[Black "Khismatullin,D"]
[Result "1/2-1/2"]
[WhiteElo "2713"]
[BlackElo "2658"]

1.d4 Nf6 2.c4 e6 3.Nf3 d5 4.Nc3 dxc4 5.e4 Bb4 6.Bg5 c5 7.Bxc4 cxd4 8.Nxd4 Bxc3+
9.bxc3 Qa5 10.Bb5+ Bd7 11.Bxf6 gxf6 12.Qb3 Bxb5 13.Nxb5 O-O 14.O-O Nc6 15.c4 Rad8
16.Qg3+ Kh8 17.Qh4 Kg7 18.Qg3+ Kh8 19.Qh4 Kg7 20.f4 Qd2 21.e5 fxe5 22.Qg5+ Kh8
23.Qf6+ Kg8 24.Qg5+ Kh8 25.Qf6+ Kg8 26.Qg5+ Kh8  1/2-1/2

[Event "66th ch-RUS HL"]
[Site "Yekaterinburg RUS"]
[Date "2013.06.24"]
[Round "5.3"]
[White "Riazantsev,A"]
[Black "Jakovenko,D"]
[Result "1/2-1/2"]
[WhiteElo "2708"]
[BlackElo "2713"]

1.d4 d5 2.c4 c6 3.Nf3 Nf6 4.e3 a6 5.Nc3 e6 6.b3 Bb4 7.Bd2 Nbd7 8.Bd3 O-O
9.O-O Bd6 10.Qc2 h6 11.Rae1 e5 12.c5 Bc7 13.Nxe5 Nxe5 14.dxe5 Bxe5 15.f4 Bc7
16.e4 b6 17.e5 Nd7 18.cxb6 Bxb6+ 19.Kh1 Re8 20.b4 Bb7 21.Na4 a5 22.Nxb6 Qxb6
23.bxa5 Qc7 24.Bf5 c5 25.e6 Nf8 26.exf7+ Qxf7 27.Bg4 Ba6 28.Rg1 Bc4 29.Qb2 Nd7
30.Qb7 Nf6 31.Be6 Rxe6 32.Qxa8+ Kh7 33.f5 Ne4 34.Rxe4 Rxe4 35.a6 Re7 36.Qc6 Ra7
37.Qxc5 Rxa6 38.Qd4 Qxf5 39.Bc3 Rg6 40.h3 Bxa2 41.Rd1 Bc4 42.Rd2 Rg3 43.Kh2 Qg6
44.Qe5 Rg5 45.Qd4 Bf1 46.Qg1 Bd3 47.Bxg7 Kxg7 48.Qa7+  1/2-1/2

[Event "66th ch-RUS HL"]
[Site "Yekaterinburg RUS"]
[Date "2013.06.26"]
[Round "6.4"]
[White "Jakovenko,D"]
[Black "Shimanov,A"]
[Result "1/2-1/2"]
[WhiteElo "2713"]
[BlackElo "2664"]

1.e4 e6 2.d4 d5 3.Nc3 Nf6 4.e5 Nfd7 5.f4 c5 6.Nf3 Nc6 7.Be3 cxd4 8.Nxd4 Qb6
9.Qd2 Qxb2 10.Rb1 Qa3 11.Bb5 Nxd4 12.Bxd4 a6 13.Bxd7+ Bxd7 14.Rb3 Qe7 15.Rxb7 Qh4+
16.Bf2 Qd8 17.Bb6 Qc8 18.Rc7 Qd8 19.Qd4 Ba3 20.Nb1 Be7 21.c4 Rc8 22.Rxc8 Qxc8
23.c5 f6 24.O-O O-O 25.Nd2 fxe5 26.fxe5 Rxf1+ 27.Kxf1 Qe8 28.Nf3 Qg6 29.Kf2 Qc2+
30.Qd2 Bxc5+ 31.Bxc5 Qxc5+ 32.Nd4 a5 33.Qe3 a4 34.a3 h6 35.h3 Qe7 36.Kg3 Be8
37.Kh2 Bg6 38.Qc3 Be8 39.Qc8 Kf7 40.Qc3 Bd7 41.Qc7 Kg8 42.Qb8+ Be8 43.Qc8 Kf7
44.Qc3 Qd7 45.Qc5 Kg8 46.Qb6 Bf7 47.Qb8+ Kh7 48.Qd6 Qc8 49.Qc6 Qb8 50.Qd6 Qc8  1/2-1/2

[Event "66th ch-RUS HL"]
[Site "Yekaterinburg RUS"]
[Date "2013.06.27"]
[Round "7.3"]
[White "Goganov,A"]
[Black "Jakovenko,D"]
[Result "1/2-1/2"]
[WhiteElo "2562"]
[BlackElo "2713"]

1.d4 d5 2.c4 c6 3.Nc3 dxc4 4.e3 b5 5.a4 b4 6.Ne4 Qd5 7.Nd2 c3 8.bxc3 bxc3
9.Nb1 Qa5 10.Qc2 Na6 11.Qxc3 Nb4 12.Bd2 e6 13.Nf3 Nf6 14.Bc4 Be7 15.O-O O-O
16.Ne5 c5 17.dxc5 Qxc5 18.Bb5 Qxc3 19.Nxc3 Rd8 20.Rfd1 Bb7 21.Ne2 a6 22.Bxb4 Rxd1+
23.Rxd1 Bxb4 24.Bc6 Bxc6 25.Nxc6 Bc5 26.Rc1 Bd6 27.Rd1 Bc5 28.Rc1 Bd6 29.Rd1 Bc5  1/2-1/2

[Event "66th ch-RUS HL"]
[Site "Yekaterinburg RUS"]
[Date "2013.06.28"]
[Round "8.5"]
[White "Matlakov,M"]
[Black "Jakovenko,D"]
[Result "1/2-1/2"]
[WhiteElo "2665"]
[BlackElo "2713"]

1.d4 Nf6 2.c4 e6 3.Nc3 Bb4 4.Qc2 O-O 5.a3 Bxc3+ 6.Qxc3 d6 7.Bg5 Nbd7 8.f3 d5
9.cxd5 exd5 10.e3 Re8 11.Bd3 h6 12.Bf4 c6 13.Ne2 Nh5 14.O-O Nxf4 15.Nxf4 Nf6
16.Rae1 Qd6 17.Ne2 Bd7 18.Ng3 Rad8 19.Bc2 b6 20.b4 Rc8 21.Rc1 Qe7 22.e4 c5
23.e5 Nh7 24.bxc5 bxc5 25.Nf5 Bxf5 26.Bxf5 Rc7 27.f4 Nf8 28.dxc5 Ne6 29.Bxe6 fxe6
30.Rc2 Rc6 31.Qd4 Rec8 32.Rfc1 Qf8 33.h3 R8c7 34.Rc3 Kh8 35.Kh2 Rc8 36.R1c2 R8c7
37.g4 Rc8 38.Kg3 R8c7 39.Rc1 Rc8 40.R1c2 R8c7 41.Qb4 Kg8 42.Qd4 Kh8  1/2-1/2

[Event "66th ch-RUS HL"]
[Site "Yekaterinburg RUS"]
[Date "2013.06.29"]
[Round "9.5"]
[White "Jakovenko,D"]
[Black "Lysyj,I"]
[Result "1-0"]
[WhiteElo "2713"]
[BlackElo "2656"]

1.d4 Nf6 2.c4 e6 3.Nc3 Bb4 4.e3 O-O 5.Bd3 c5 6.Ne2 d5 7.cxd5 cxd4 8.exd4 Nxd5
9.a3 Bd6 10.O-O Nc6 11.Nxd5 exd5 12.Be3 Re8 13.Nf4 Qg5 14.Qd2 Nxd4 15.Bxh7+ Kxh7
16.Qxd4 Re4 17.Qxd5 Qxd5 18.Nxd5 Be5 19.Rad1 Be6 20.b3 a5 21.a4 Bb8 22.Rd3 Ra6
23.Rfd1 Rd6 24.h3 Re5 25.Nf4 Rxd3 26.Rxd3 Bf5 27.Rd8 Bc7 28.Rf8 Re7 29.Nd5 Rd7
30.Nxc7 Rxc7 31.Bb6 Rc1+ 32.Kh2 Be6 33.Bxa5 Bxb3 34.Bb6 Be6 35.Rd8 Rc8 36.Rd3 g5
37.a5 Kg6 38.Kg3 Rc4 39.Kf3 Rb4 40.Rd8 Rb3+ 41.Ke4 f6 42.Rb8 Bd7 43.Kd4 Bc6
44.g3 Rb2 45.Kc3 Re2 46.Rd8 Kf7 47.Rh8 Re8 48.Rh7+ Kg6 49.Rc7 Bg2 50.Rd7 Rf8
51.h4 gxh4 52.gxh4 Kh5 53.Rh7+ Kg6 54.Rc7 Kh5 55.Rh7+ Kg6 56.Rd7 Kh5 57.Rd4 f5
58.Rf4 Be4 59.Kd4 Kg6 60.Ke5 Rf7 61.Ke6 Rh7 62.Bd8 Rh8 63.Kd7 Rh7+ 64.Be7 Rh8
65.Kc7 Rh7 66.Kd6 Rh8 67.f3 Bc6 68.Ke6 Rh7 69.Bf6 Rh6 70.Ke5 Rh5 71.Bg5 Rh8
72.Rxf5 Re8+ 73.Kf4 Re1 74.h5+ Kg7 75.h6+ Kg8 76.Kg3 Rg1+ 77.Kf2 Rd1 78.f4 Rd3
79.Re5  1-0

[Event "41st TCh-GRE"]
[Site "Rio (Achaia) GRE"]
[Date "2013.07.03"]
[Round "2.1"]
[White "Jakovenko,D"]
[Black "Rapport,R"]
[Result "1-0"]
[WhiteElo "2713"]
[BlackElo "2693"]

1.e4 g6 2.d4 Nf6 3.Bd3 d6 4.Nf3 Bg7 5.O-O O-O 6.c3 Nc6 7.d5 Nb8 8.c4 a5 9.Nc3 Na6
10.h3 e5 11.dxe6 Bxe6 12.Be3 Re8 13.Rc1 Nb4 14.Nd4 Nxd3 15.Qxd3 Nd7 16.b3 Nc5
17.Qd2 Bd7 18.f3 Ne6 19.Nxe6 Rxe6 20.Bd4 Bxd4+ 21.Qxd4 Bc6 22.Nd5 Rc8 23.Qd2 b6
24.Kh2 Bxd5 25.cxd5 Re5 26.Rc6 f5 27.exf5 Rxf5 28.Rfc1 Re5 29.R1c2 Qd7 30.Qc1 Rxd5
31.Rxc7 Rxc7 32.Rxc7 Qe6 33.Qh6 Rh5 34.Qg7+  1-0

[Event "41st TCh-GRE"]
[Site "Rio (Achaia) GRE"]
[Date "2013.07.04"]
[Round "4.1"]
[White "Mastrovasilis,A"]
[Black "Jakovenko,D"]
[Result "1/2-1/2"]
[WhiteElo "2523"]
[BlackElo "2713"]

1.c4 c5 2.Nf3 Nf6 3.Nc3 Nc6 4.e3 e5 5.Be2 d5 6.d4 cxd4 7.exd4 e4 8.Ne5 dxc4
9.Bxc4 Nxe5 10.dxe5 Qxd1+ 11.Kxd1 Ng4 12.Bb5+ Bd7 13.Bxd7+ Kxd7 14.Nxe4 Nxe5
15.Ke2 Be7 16.Rd1+ Ke6 17.Ng5+ Kf5 18.Rd5 Bxg5 19.Bxg5 Kxg5 20.Rxe5+ Kf6
21.Re3 Rhe8 22.Rd1 Rxe3+ 23.Kxe3 Re8+ 24.Kf3 Re7 25.Rd4 Rc7 26.Ra4 b6 27.Ke3 Ke5
28.Kd3 g5 29.Re4+ Kf5 30.Ra4 h5 31.h3 h4 32.Ke3 f6 33.g3 hxg3 34.fxg3 a5
35.Rd4 Rc5 36.Rd6 Rb5 37.b3 Ke5 38.Rc6 a4 39.bxa4 Rb2 40.a5 bxa5 41.Rc5+ Ke6
42.Rxa5 Rh2 43.h4  1/2-1/2

[Event "41st TCh-GRE"]
[Site "Rio (Achaia) GRE"]
[Date "2013.07.05"]
[Round "5.1"]
[White "Jakovenko,D"]
[Black "Kotronias,V"]
[Result "1/2-1/2"]
[WhiteElo "2713"]
[BlackElo "2581"]

1.e4 c5 2.Nf3 Nc6 3.Bb5 g6 4.Bxc6 dxc6 5.d3 Bg7 6.h3 b6 7.O-O e5 8.a3 f6
9.b4 cxb4 10.axb4 Nh6 11.c4 Nf7 12.Nc3 O-O 13.b5 c5 14.Bb2 Nd6 15.Nd5 Rf7
16.Qb3 Rb8 17.Nh2 g5 18.Ng4 h5 19.Nge3 Bh8 20.Qd1 Rh7 21.Kh2 Rbb7 22.Rh1 Rbf7
23.Qe2 Be6 24.Bc3 Qf8 25.Kg1 Qh6 26.Bd2 Qg6 27.Nc3 g4 28.h4 f5 29.exf5 Nxf5
30.Nxf5 Bxf5 31.Ne4 Rd7 32.Bc3 Rd8 33.Kh2 Rhd7 34.Rhd1 Bf6 35.Nxf6+ Qxf6
36.Qxe5 Qxe5+ 37.Bxe5 Bxd3 38.Ra4 Bc2 39.Rxd7 Rxd7 40.Ra3 Bd3  1/2-1/2

[Event "41st TCh-GRE"]
[Site "Rio (Achaia) GRE"]
[Date "2013.07.06"]
[Round "6.1"]
[White "Jakovenko,D"]
[Black "Navara,D"]
[Result "1-0"]
[WhiteElo "2713"]
[BlackElo "2715"]

1.Nf3 Nf6 2.c4 g6 3.Nc3 d5 4.cxd5 Nxd5 5.Qb3 Nb6 6.d4 Bg7 7.Bf4 Be6 8.Qa3 Nc6
9.e3 a5 10.Bb5 O-O 11.Bxc6 bxc6 12.O-O Nc4 13.Qc5 Nxb2 14.Qxc6 Nd3 15.Bg3 Nb4
16.Qc5 Na6 17.Qb5 c5 18.Rfd1 Qc8 19.Rac1 cxd4 20.Nxd4 Bxd4 21.exd4 Qd7 22.Qxa5 Rfc8
23.d5 Bf5 24.d6 Nc5 25.Qb5 exd6 26.Bxd6 Qxb5 27.Nxb5 Nb7 28.Rxc8+ Bxc8 29.Be5 Ra5
30.a4 Be6 31.f4 Rxa4 32.Nc7 f6 33.Nxe6 fxe5 34.Rd7 Ra1+ 35.Kf2 Ra2+ 36.Kf3 e4+
37.Kxe4 Re2+ 38.Kd5 Rd2+ 39.Nd4 Na5 40.Ke6 h5 41.Kf6 Kh8 42.Kxg6 Rxg2+ 43.Kh6 Nc4
44.Rd8+ Rg8 45.Rxg8+ Kxg8 46.Kxh5 Kf7 47.Kg5 Nd6 48.f5 Ne4+ 49.Kf4 Nf2 50.Ne6 Nd3+
51.Kg5 Ne5 52.Nd4 Kg7 53.Ne6+ Kf7 54.h3 Nd3 55.Nd8+ Ke7 56.Nc6+ Kd6 57.f6 Kxc6
58.f7 Nc5 59.Kf5 Nd7 60.Ke6 Nf8+ 61.Ke7 Ng6+ 62.Ke8 Kd6 63.h4 Ke6 64.h5  1-0

[Event "31st Greek Team Cup Final 4"]
[Site "Athens GRE"]
[Date "2013.07.08"]
[Round "1.1"]
[White "Mastrovasilis,A"]
[Black "Jakovenko,D"]
[Result "1/2-1/2"]
[WhiteElo "2523"]
[BlackElo "2713"]

1.c4 Nf6 2.Nf3 b6 3.d4 e6 4.Nc3 Bb7 5.e3 Bb4 6.Bd3 O-O 7.O-O d5 8.cxd5 exd5
9.Ne5 Bd6 10.f4 c5 11.Qf3 Nc6 12.Qh3 g6 13.Kh1 a6 14.Bd2 b5 15.Nxc6 Bxc6
16.dxc5 Bxc5 17.Ne2 Bd7 18.f5 Qe7 19.Bc3 b4 20.Bd4 Bxd4 21.Nxd4 Kg7 22.Rf3 h6
23.Qg3 g5 24.h4 g4 25.Rf4 Kh8 26.Rf2 a5 27.Qf4 Kg7 28.Rc2 Rac8 29.Re1 Rxc2
30.Bxc2 Re8 31.Kg1 Qc5  1/2-1/2

[Event "31st Greek Team Cup Final 4"]
[Site "Athens GRE"]
[Date "2013.07.09"]
[Round "2.4"]
[White "Jakovenko,D"]
[Black "Mastrovasilis,D"]
[Result "1-0"]
[WhiteElo "2713"]
[BlackElo "2606"]

1.e4 e5 2.Nf3 Nc6 3.Bb5 Nf6 4.d3 Bc5 5.c3 O-O 6.O-O d5 7.Nbd2 Re8 8.exd5 Nxd5
9.Re1 Bg4 10.Qa4 Nf4 11.Ne4 Bxf3 12.gxf3 Bxf2+ 13.Nxf2 Qg5+ 14.Ng4 h5 15.Bxf4 exf4
16.h4 Qxh4 17.Nf2 Qg3+ 18.Kf1 Re3 19.Bxc6 bxc6 20.Qxc6 Rb8 21.b4 Rb6 22.Qxc7 Rxf3
23.Qc5 Rb5 24.Qxa7 Rg5 25.Re8+ Kh7 26.Ke2 Qg2 27.Rf1 Rfg3 28.Re1 Rf3 29.Rf1 Rfg3
30.Qxf7 Re3+ 31.Rxe3 fxe3 32.Qf3 exf2 33.Qxg2 Rxg2 34.b5 h4 35.Rxf2 Rg1 36.b6 Rb1
37.Rf4 g5 38.Rb4  1-0

[Event "ACP Cup 2013"]
[Site "Riga LAT"]
[Date "2013.09.13"]
[Round "1.1"]
[White "Svidler,P"]
[Black "Jakovenko,D"]
[Result "1-0"]
[WhiteElo "2746"]
[BlackElo "2724"]

1.g3 d5 2.Bg2 Nf6 3.d3 c5 4.Nd2 Nc6 5.e4 dxe4 6.dxe4 e5 7.Ngf3 Be7 8.O-O O-O
9.Nc4 Qc7 10.Ne3 Rd8 11.Nd5 Nxd5 12.exd5 Bg4 13.h3 Bh5 14.Re1 Nd4 15.c3 Nxf3+
16.Bxf3 Bxf3 17.Qxf3 c4 18.Qe4 Qd7 19.Qxe5 Bf6 20.Qh5 Rac8 21.Be3 Qxd5 22.Qxd5 Rxd5
23.Bxa7 Rd2 24.Rab1 Ra8 25.Re4 b5 26.a4 Rd7 27.Be3 bxa4 28.Rxc4 h5 29.Ra1 Rb7
30.Raxa4 Rxa4 31.Rxa4 Rxb2 32.c4 Rc2 33.Kg2 Rc3 34.g4 hxg4 35.hxg4 Kf8 36.g5 Be5
37.Kf3 Bd4 38.Ke4 Bxe3 39.fxe3 Ke7 40.Kd4 Rc1 41.Kd5 Rd1+ 42.Ke5 f6+ 43.gxf6+ gxf6+
44.Ke4 Rc1 45.Kd4 Rd1+ 46.Kc5 Re1 47.Ra3 Kd7 48.Rd3+ Kc7 49.Kd5 Kd7 50.c5 Rf1
51.e4 Rf2 52.Rd1 Rf3 53.e5 Rf5 54.Ke4+  1-0